Every KATSEYE Song - Statistics

General Stats
  • This quiz has been taken 337 times
  • The average score is 10 of 11
Answer Stats
Answer % Correct
BC Gabriela
97%
BC Gnarly
97%
SIS Touch
97%
SIS Debut
96%
BC M.I.A
92%
BC Gameboy
91%
SIS My Way
89%
SIS Tonight I Might
85%
SIS I'm Pretty
84%
BC Mean Girls
84%
Jenny Flame
77%
No matching quizzes found
Score Distribution
Percent of People with Each Score
Percentile by Number Answered
Your Score History
You have not taken this quiz